Homo Deus : (Record no. 6203)

MARC details
000 -LEADER
fixed length control field 02572cam a2200313 a 4500
001 - CONTROL NUMBER
control field 6203
003 - CONTROL NUMBER IDENTIFIER
control field FISKH
005 - DATE AND TIME OF LATEST TRANSACTION
control field 20250328094518.0
008 - FIXED-LENGTH DATA ELEMENTS--GENERAL INFORMATION
fixed length control field 000510s2000 enk bq 001 0 eng
010 ## - LIBRARY OF CONGRESS CONTROL NUMBER
LC control number 2001334096
020 ## - INTERNATIONAL STANDARD BOOK NUMBER
International Standard Book Number 0747550875
020 ## - INTERNATIONAL STANDARD BOOK NUMBER
International Standard Book Number 9781784703936
040 ## - CATALOGING SOURCE
Original cataloging agency DLC
Transcribing agency DLC
Modifying agency DLC
Language of cataloging eng
050 ## - LIBRARY OF CONGRESS CALL NUMBER
Classification number CB428 .H36813
082 ## - DEWEY DECIMAL CLASSIFICATION NUMBER
Classification number 909.83
100 ## - MAIN ENTRY--PERSONAL NAME
Personal name Deus, Homo
245 12 - TITLE STATEMENT
Title Homo Deus :
Remainder of title A brief history of tomorrow /
Statement of responsibility, etc. Yuval Noah Harari
250 ## - EDITION STATEMENT
Edition statement First published in Vintage in 2017
260 ## - PUBLICATION, DISTRIBUTION, ETC.
Place of publication, distribution, etc. London :
Name of publisher, distributor, etc. Vintage,
Date of publication, distribution, etc. 2015
300 ## - PHYSICAL DESCRIPTION
Extent 513 pages ;
Dimensions illustrations ;
Other physical details 20 cm
504 ## - BIBLIOGRAPHY, ETC. NOTE
Bibliography, etc. note Includes bibliographical references (265-267) and index.
504 ## - BIBLIOGRAPHY, ETC. NOTE
Bibliography, etc. note Includes filmography: p. 269.
520 ## - SUMMARY, ETC.
Summary, etc. Yuval Noah Harari, author of the critically-acclaimed New York Times bestseller and international phenomenon Sapiens, returns with an equally original, compelling, and provocative book, turning his focus toward humanity's future, and our quest to upgrade humans into gods.Over the past century humankind has managed to do the impossible and rein in famine, plague, and war. This may seem hard to accept, but, as Harari explains in his trademark style--thorough, yet riveting--famine, plague and war have been transformed from incomprehensible and uncontrollable forces of nature into manageable challenges. For the first time ever, more people die from eating too much than from eating too little; more people die from old age than from infectious diseases; and more people commit suicide than are killed by soldiers, terrorists and criminals put together. The average American is a thousand times more likely to die from binging at McDonalds than from being blown up by Al Qaeda. What then will replace famine, plague, and war at the top of the human agenda? As the self-made gods of planet earth, what destinies will we set ourselves, and which quests will we undertake? Homo Deus explores the projects, dreams and nightmares that will shape the twenty-first century--from overcoming death to creating artificial life. It asks the fundamental questions: Where do we go from here? And how will we protect this fragile world from our own destructive powers? This is the next stage of evolution. This is Homo Deus. With the same insight and clarity that made Sapiens an international hit and a New York Times bestseller, Harari maps out our future.
650 #0 - SUBJECT ADDED ENTRY--TOPICAL TERM
Topical term or geographic name entry element Forecasting
General subdivision History.
650 #0 - SUBJECT ADDED ENTRY--TOPICAL TERM
Topical term or geographic name entry element Twenty-first century
Form subdivision Forecasts.
906 ## - LOCAL DATA ELEMENT F, LDF (RLIN)
a 7
b cbc
c copycat
d 3
e ncip
f 20
g y-gencatlg
942 ## - ADDED ENTRY ELEMENTS (KOHA)
Source of classification or shelving scheme Dewey Decimal Classification
Koha item type Books
Suppress in OPAC No
Holdings
Withdrawn status Lost status Source of classification or shelving scheme Damaged status Not for loan Collection Home library Current library Shelving location Date acquired Total Checkouts Full call number Barcode Date due Date last seen Date last checked out Price effective from Koha item type
    Dewey Decimal Classification     Non-Fiction Footprints International School Library Network Toul Kork Campus Footprints International School Library Network Toul Kork Campus A TK Campus, 4th Floor, Room B401, Non-Fiction Bookcases(7-8) 03/28/2025 1 HAR 909.83 CB428 .H36813 2025-0874 09/29/2025 09/15/2025 09/15/2025 03/28/2025 Books